Heartstopper Quiz - Statistics

General Stats
  • This quiz has been taken 1,015 times
  • The average score is 9 of 15
Answer Stats
Hint Answer % Correct
Where does Nick Nelson's dad live? Paris
95%
Who's birthday is celebrated on the Paris trip in season two? Tara
87%
What subject does Elle apply for at college? Art
85%
What is Isaac's favourite hobby? Reading
83%
Who has to get their history course work done in time? Charlie
81%
What instrument does Charlie play? Drums
81%
Who is Nick partnered with for the exam revision? Ben
78%
What sport is Charlie spring best at? Running
76%
What animal is Nick Nelson commonly referred to as? Golden retriever
72%
Who loves to wear beanies? Tao
72%
Where was Nick and Charlie's first kiss? Harry's party
46%
What subject does Mr Farouk teach? Physics
22%
At who's house near the woods to they have the end of GCSEs party? Sai
20%
What drink does Tori always have? Diet lemonade
19%
Who is the rugby coach at Truham? Mrs Singh
19%
No matching quizzes found
Score Distribution
Percent of People with Each Score
Percentile by Number Answered
Your Score History
You have not taken this quiz